000 00431nam a2200169Ia 4500
008 210210b2001 xxu||||| |||| 00| 0 eng d
020 _a81 7709 449 1
082 _a510.02 GUPP
100 _aGUPTA (Asit Das).
245 _aProblems plus in IIT mathematics. Ed 4.
250 _a
260 _aPatna.
_bBharati Bhawan Publishers.,
_c2001
300 _avi,M21
650 _aIIT
690 _aMaths Entrance
906 _a057144
999 _c104824
_d104824